Con hủi Tiểu thuyết

保存先:
書誌詳細
第一著者: Mniszek, Helena
その他の著者: Hữu Dũng (Dịch)
フォーマット: 図書
言語:Vietnamese
出版事項: H. Văn học 2009
版:Tái bản
主題:
タグ: タグ追加
タグなし, このレコードへの初めてのタグを付けませんか!
Thư viện lưu trữ: Mạng thư viện Đại học Đà Nẵng
LEADER 01087nam a2200349 4500
001 000005009
003 1151
005 20120507140532.0
008 110808s2009 viesd
020 |c 80000đ 
041 0 |a vie 
082 |a 891  |b MN-H 
100 0 |a Mniszek, Helena 
245 0 |a Con hủi  |b Tiểu thuyết  |c Helena Mniszek ; Hữu Dũng dịch 
250 |a Tái bản 
260 |a H.  |b Văn học  |c 2009 
300 |a 591 tr.  |c 19 cm 
500 |a Dịch từ nguyên bản tiếng Ba Lan 
653 |a Văn học hiện đại 
653 |a Ba Lan 
653 |a Tiểu thuyết 
700 |a Hữu Dũng  |e Dịch 
OWN |a LSP 
AVA |a UDN50  |b LSP  |d 891 MN-H  |e available  |t Error 5001 Not defined in file expand_doc_bib_avail.  |f 4  |g 0  |h N  |i 0  |k 1 
999 |a From the UDN01 
AVA |a UDN50  |b LSP  |d 891 MN-H  |e available  |t Error 5001 Not defined in file expand_doc_bib_avail.  |f 4  |g 0  |h N  |i 0  |k 1 
TYP |a Monograph 
TYP |a Printed language 
980 |a Mạng thư viện Đại học Đà Nẵng